Представление документа в формате RUSMARC

Поле Инд. ПП Название Значение
Тип записи a
Библиографический уровень a
001 Контрольный номер RU/REP/BASE/00075547
005 Дата корректировки 20240504120209.7
200 1_ a Заглавие Загладить последствия преступления, чтобы примириться с потерпевшим
f Первые сведения об ответственности Владимирова О.А.
b Общее обозначение материала Электронный ресурс
203 a Вид содержания Текст : электронный
210 1_ d Дата издания 2012
300 a Общие примечания Чтение статьи доступно в Источнике
336 a Примечание о виде электронного ресурса PDF
461 _0 1 2001
a Российское правосудие
1 001RU/REP/BASE/00072553
463 _0 1 2000
a №9.
v С. 72-76
1 210
d 2012
610 0_ a Ключевые слова УГОЛОВНОЕ ПРАВО РФ, ПРИЧИНЕНИЕ ВРЕДА, ВОЗМЕЩЕНИЕ ВРЕДА, ПРИМИРЕНИЕ, ВОЗМЕЩЕНИЕ УБЫТКОВ
700 _1 a Фамилия Владимирова
b Имя О.А.
901 t Тип документа b
w Контрольный № источника 7c36da9fe6b2438e994a7e2dd1a9c79f
905 a Дата ввода 20180416